[Event "4NCL Division 2b"]
[Site "Hinckley Island ENG"]
[Date "2013.11.17"]
[Round "2.88"]
[White "Verma, Aditya"]
[Black "Whatley, Stephen AJ (jnr)"]
[Result "0-1"]
[WhiteElo "1628"]
[BlackElo "1843"]
[PlyCount "42"]
[EventDate "2013.11.17"]
[WhiteTeam "Barbican 4NCL Youth"]
[BlackTeam "Brown Jack"]

1. d4 Nf6 2. Bg5 g6 3. Bxf6 exf6 4. e3 Bg7 5. Nd2 O-O 6. Bd3 f5 7. Ne2 Re8 8.
Nf3 b6 9. O-O Bb7 10. Ng3 h5 11. h3 Qf6 12. Ne5 d6 13. Nc4 Qg5 14. e4 fxe4 15.
Bxe4 Bxe4 16. Nxe4 Rxe4 17. Qf3 d5 18. Rae1 Rf4 19. Re8+ Kh7 20. h4 Qf5 21. Qe2
dxc4 0-1